Statistics for Word Scramble - Fruits

Click here to take the quiz!

General Stats

  • This quiz has been taken 83,688 times
    (80,575 since last reset)
  • The average score is 17 of 24

Answer Stats

Scrambled Unscrambled % Correct
eparpear
99%
iiwkkiwi
99%
palepapple
98%
pcehapeach
97%
nnabaabanana
97%
pgreagrape
95%
menolterwawatermelon
94%
ogmanmango
93%
npiepaleppineapple
93%
cavoodaavocado
90%
eatddate
89%
aappaypapaya
86%
pomratgenaepomegranate
83%
cnotcuococonut
82%
vauagguava
80%
rongaeorange
77%
rpraryebsraspberry
59%
yelchelychee
43%
gtianerentangerine
42%
eydonwehhoneydew
39%
coptariapricot
37%
tanadirmtamarind
20%
uecryerlhbkhuckleberry
19%
lutpopluot
12%

Score Distribution

Percentile by Number Answered

Percent of People with Each Score

Your Score History

You have not taken this quiz since the last reset